مكتبة جامعة عجلون الوطنية

فهرس بحث المكتبة

Normal view MARC view
  • الفن-الفن التشكيلي-قصة الفن التشكيلي

Entry Topical Term

Number of records used in: 1

001 - CONTROL NUMBER

  • control field: 7881

003 - CONTROL NUMBER IDENTIFIER

  • control field: JO-AjAnu

005 - DATE AND TIME OF LATEST TRANSACTION

  • control field: 20230606071555.0

008 - FIXED-LENGTH DATA ELEMENTS

  • fixed length control field: 230606|| aca||aabn | a|a d

040 ## - CATALOGING SOURCE

  • Original cataloging agency: JO-AjAnu
  • Transcribing agency: JO-AjAnu

150 ## - HEADING--TOPICAL TERM

  • Topical term or geographic name entry element: الفن-الفن التشكيلي-قصة الفن التشكيلي

670 ## - SOURCE DATA FOUND

  • Source citation: Work cat.: (JO-AjAnu)4071: عزت مصطفى,محمد تأليف, author 7880, قصة الفن التشكيلي:العالم القديم:دراسات في الفنون التشكيلية، ج1